| 000 | 00580nam a2200205Ia 4500 | ||
|---|---|---|---|
| 001 | 4778 | ||
| 003 | 9492 | ||
| 005 | 20250225065839.0 | ||
| 008 | ||||||n9999 ||| || || | ||
| 041 | _aspa | ||
| 100 |
_aTurbay Ayala, Julio Cesar _9672 |
||
| 245 | 0 | _aEn colombia no debe librarse la lucha de las grandes potencias | |
| 260 |
_aBogotá : _bEmpresa de Telecomunicaciones de Santafe de Bogota, _c1979. |
||
| 300 | _a11p | ||
| 562 | _e1 | ||
| 650 |
_aCOLOMBIA _98621 |
||
| 650 | 0 |
_aDesarrollo económico _91884 |
|
| 650 |
_aPAÍSES DESARROLLADOS _98622 |
||
| 942 | _cDO-GO | ||
| 999 |
_c4778 _d4778 |
||